| 000 | 01665aam a2200313 i 4500 | ||
|---|---|---|---|
| 001 | 768714001 | ||
| 003 | CO-MdFUSB | ||
| 005 | 20210917161346.0 | ||
| 007 | ta | ||
| 008 | 210917t1946 mx |||| |||| 00| 0 spa d | ||
| 020 | _a[No incluye ISBN] | ||
| 040 |
_bspa. _aCO-MdFUSB _cCO-MdFUSB _dCO-MdFUSBC _erda |
||
| 041 | _aspa | ||
| 082 | 0 | 4 |
_a270 _223 _bH9664j |
| 100 | 1 |
_aHurst, Juan Fletcher _eautor |
|
| 245 | 1 | 0 |
_aHistoria compendiada de la iglesia cristiana _c/ Juan Fletcher hurst; versión al español por Primitivo A. Rodríguez |
| 250 | _a7 | ||
| 264 | 0 |
_aMéxico : _bLa Aurora, _c[1946] |
|
| 300 |
_a552 páginas _c; 22 cm |
||
| 336 |
_2rdacontent _atexto _btxt |
||
| 337 |
_2rdamedia _asin mediación _bn |
||
| 338 |
_2rdacarrier _avolumen _bnc |
||
| 505 | _aDe la iglesia y su historia. -- La escena de los trabajos de los apóstoles. -- Del estado de la civilizaciones griega y romana. -- De la actitud del judaísmo para con la religión cristiana. -- Del período de las persecuciones. -- Del culto cristiano. -- De la vida de los cristianos. -- De la organización eclesiástica. -- Del ebionismo y el gnosticismo. -- De los defensores del cristianismo. -- De las escuelas cristianas. -- Constantino liberta a la iglesia. -- De la reacción bajo Juliano. -- De la reforma montanista. -- De las controversias sobre la naturaleza divina de nuestro Señor. -- De las controversias posteriores. -- De los cismas eclesiásticos. -- De la escritura y la tradición. -- De los escritores apócrifos. | ||
| 563 | _aTapa dura | ||
| 650 | 0 |
_9153 _aHistoria de la Iglesia |
|
| 700 |
_95626 _aRodríguez, Primitivo A. |
||
| 942 | _cBK | ||
| 945 | _aJTF-925 | ||
| 999 |
_c39512 _d39512 |
||